Tính dân tộc của nghệ thuật tạo hình

Uloženo v:
Podrobná bibliografie
Hlavní autor: Bộ Văn hóa
Médium: Kniha
Jazyk:Undetermined
Vydáno: Hà Nội Văn hóa 1976
Témata:
Tagy: Přidat tag
Žádné tagy, Buďte první, kdo otaguje tento záznam!
Thư viện lưu trữ: Trung tâm Học liệu Trường Đại học Cần Thơ
LEADER 00513nam a2200181Ia 4500
001 CTU_9474
008 210402s9999 xx 000 0 und d
082 |a 709.597 
082 |b B450t 
100 |a Bộ Văn hóa 
245 0 |a Tính dân tộc của nghệ thuật tạo hình 
245 0 |c Bộ Văn hóa 
260 |a Hà Nội 
260 |b Văn hóa 
260 |c 1976 
650 |a art, vietnamese 
904 |i Minh, 960927 
980 |a Trung tâm Học liệu Trường Đại học Cần Thơ